00411nam a22001577a 450000500170000000800410001702000180005804100120007608200120008810000120010024500410011225000180015326000320017130000250020365000250022820241014062842.0241014b |||||||| |||| 00| 0 eng d a9780639016054 aEnglish a349 JOU lEnglish aThe Law of South Africa /cWAJoubert aThird Edition aDurban: bLexisNexis,c2024 b465 pages; c26 cm.  aLegal practicebLaw